| 000 | 00450cam a2200181 4500 | ||
|---|---|---|---|
| 001 | D15814 | ||
| 008 | 090401t1968 xxu||||| |||| 00| 0 eng d | ||
| 035 | _a(Sirsi) u25329 | ||
| 041 | _aeng | ||
| 100 | _aChesterton, Oliver S. | ||
| 245 | _aPresidential address 1968 | ||
| 260 |
_bRICS _c1968 |
||
| 350 | _a0 | ||
| 520 | _aFiled in box 1968/46 A | ||
| 710 |
_aRoyal Institution of Chartered Surveyors _94900 |
||
| 942 | _n0 | ||
| 948 | _c04/03/1997 | ||
| 999 |
_c88721 _d88721 |
||